00511 2200181 4500245005600000020002200056250001100078100002000089700002100109650002100130650001000151005001900161260009800180041001400278084000800292300002000300336000900320 aBOALEMO, SURGA YANG TERTIDURcFaisal SyahrezahText a978-602-437-913-1 aCet. 1 aFaisal Syahreza aExti Budihastuti aSastra Indonesia aEbook a20241104092316 aJakartabBadan Pengembangan Bahasa dan Perbukuan, Kementerian Pendidikan dan Kebudayaanc2019 aIndonesia a813 axiii :c88 hlm. atext